000
00306nam a22001217a 4500
008
260429b |||||||| |||| 00| 0 eng d
082
_a
001363
100
_a
Panday, Janardhan Shastri
245
_a
Shishupalavadha Mahakavyam I
260
_a
Delhi
_b
Motilal Banarasidass
_c
2017
300
_a
86p
942
_2
ddc
999
_c
1363
_d
1363